| 000 | 00801nam a2200229Ia 4500 | ||
|---|---|---|---|
| 999 |
_c6329 _d6329 |
||
| 003 | GCL | ||
| 005 | 20240530095336.0 | ||
| 008 | 140319s9999 xx 000 0 ara d | ||
| 040 |
_aGCL / _cGCL |
||
| 082 | 0 | 4 |
_a158.3 _bن د |
| 100 | 1 | _aنادر فهمى الزيود | |
| 245 | 1 | 0 |
_aالدليل العملى للمرشدين النفسيين والتربويين : _bاساسيات الارشاد النفسى / _cنادر فهمى الزيود |
| 250 | _aالاولى | ||
| 260 |
_aالاردن : _bدار الفكر ، _c1998 |
||
| 300 |
_a220 ص ؛ _c24 سم |
||
| 650 | 0 | 4 | _aالصحة النفسية |
| 650 | 0 | 4 | _aالعلاج النفسى |
| 650 | 0 | 4 | _aعلم النفس العلاجى |
| 650 | 0 | 4 | _aالارشاد |
| 650 | 0 | 4 | _aالاختبارات الشخصية |
| 942 |
_2ddc _cBK |
||